000
00212nam a22000857a 4500
008
161124b xxu||||| |||| 00| 0 eng d
100
_9
1411
_a
Gupta.B.C.
245
_a
Indian Economic-XI
260
_a
New Delhi
_b
APC
_c
2011
999
_c
4128
_d
4128